[Event "Mittelrhein Verbandsliga West 1920"]
[Site "Mittelrhein"]
[Date "2019.12.08"]
[Round "4.8"]
[White "Maass, Andre"]
[Black "Wieland, Ingo"]
[Result "1-0"]
[WhiteElo "1749"]
[BlackElo "1729"]
[PlyCount "33"]
[EventDate "2019.09.29"]
[EventType "team-tourn"]
[EventRounds "9"]
[EventCountry "GER"]
[SourceTitle "EXT 2023"]
[Source "ChessBase"]
[SourceDate "2022.10.05"]
[SourceVersion "1"]
[SourceVersionDate "2022.10.05"]
[SourceQuality "1"]
[WhiteTeam "Aachen SV III"]
[BlackTeam "Bruehl II"]
[WhiteTeamCountry "GER"]
[BlackTeamCountry "GER"]

1. e4 c6 2. d4 d5 3. f3 e6 4. Nc3 dxe4 5. fxe4 Bb4 6. Nf3 Nf6 7. Bd3 0-0 8. 0-0 Nbd7 9. e5 Nd5 10. Nxd5 cxd5 11. Bxh7+ Kh8 12. Ng5 g6 13. Rxf7 Nxe5 14. Bxg6 Nxf7 15. Qh5+ Kg7 16. Qh7+ Kf6 17. Nxf7 1-0

[Event "Mittelrhein Verbandsliga-W 18/19"]
[Site "Nordrheinwestfalen"]
[Date "2019.05.19"]
[Round "11.8"]
[White "Wieland, Ingo"]
[Black "Bock, Luca"]
[Result "1-0"]
[WhiteElo "1692"]
[BlackElo "1739"]
[PlyCount "51"]
[EventDate "2018.09.02"]
[EventType "team-tourn"]
[EventRounds "11"]
[EventCountry "GER"]
[SourceTitle "EXT 2022"]
[Source "ChessBase"]
[SourceDate "2021.10.06"]
[SourceVersion "1"]
[SourceVersionDate "2021.10.06"]
[SourceQuality "1"]
[WhiteTeam "Bruehl III"]
[BlackTeam "Herzogenrath"]
[WhiteTeamCountry "GER"]
[BlackTeamCountry "GER"]

1. e4 e5 2. Nf3 Nc6 3. Bb5 Nf6 4. 0-0 Nxe4 5. Re1 Nd6 6. Nxe5 Nxe5 7. Rxe5+ Be7 8. Bd3 0-0 9. Nc3 Bf6 10. Re3 g6 11. Qf3 Re8 12. Nd5 Bg7 13. Rxe8+ Nxe8 14. Bc4 Nf6 15. d4 c6 16. Nxf6+ Qxf6 17. Qe2 d5 18. Qe8+ Bf8 19. Bh6 Qe7 20. Re1 Qd6 21. Bd3 Rb8 22. Bxf8 Qxf8 23. Qe5 Be6 24. Re3 Re8 25. c3 Bc8 26. Qxe8 1-0

[Event "Mittelrhein Verbandsliga-W 18/19"]
[Site "Nordrheinwestfalen"]
[Date "2018.12.16"]
[Round "5.7"]
[White "Wieland, Ingo"]
[Black "Schuelting, David"]
[Result "0-1"]
[WhiteElo "1692"]
[BlackElo "1814"]
[PlyCount "52"]
[EventDate "2018.09.02"]
[EventType "team-tourn"]
[EventRounds "11"]
[EventCountry "GER"]
[SourceTitle "EXT 2022"]
[Source "ChessBase"]
[SourceDate "2021.10.06"]
[SourceVersion "1"]
[SourceVersionDate "2021.10.06"]
[SourceQuality "1"]
[WhiteTeam "Bruehl III"]
[BlackTeam "Brand SF"]
[WhiteTeamCountry "GER"]
[BlackTeamCountry "GER"]

1. e4 e5 2. Nf3 Nf6 3. Nxe5 d6 4. Nf3 Nxe4 5. Nc3 Nxc3 6. dxc3 Nc6 7. Be3 Be6 8. Bb5 a6 9. Bxc6+ bxc6 10. Qd3 Be7 11. 0-0-0 c5 12. Kb1 0-0 13. h4 Qc8 14. Ng5 Bf5 15. Qd2 Qb7 16. f3 Rab8 17. b3 c4 18. Kb2 Bf6 19. g4 Bd7 20. Ne4 Be5 21. Nc5 dxc5 22. Qxd7 Qxf3 23. Bxc5 Qxc3+ 24. Ka3 Qa5+ 25. Qa4 Qxc5+ 26. b4 Bb2+ 0-1

[Event "Mittelrhein Verbandsliga-W 18/19"]
[Site "Nordrheinwestfalen"]
[Date "2018.11.18"]
[Round "4.8"]
[White "Wieland, Ingo"]
[Black "Eibenstein, Axel"]
[Result "1/2-1/2"]
[WhiteElo "1692"]
[BlackElo "1889"]
[PlyCount "58"]
[EventDate "2018.09.02"]
[EventType "team-tourn"]
[EventRounds "11"]
[EventCountry "GER"]
[SourceTitle "EXT 2022"]
[Source "ChessBase"]
[SourceDate "2021.10.06"]
[SourceVersion "1"]
[SourceVersionDate "2021.10.06"]
[SourceQuality "1"]
[WhiteTeam "Bruehl III"]
[BlackTeam "Horrem"]
[WhiteTeamCountry "GER"]
[BlackTeamCountry "GER"]

1. e4 e5 2. Nf3 Nc6 3. Bb5 a6 4. Ba4 Nf6 5. 0-0 b5 6. Bb3 Be7 7. Re1 0-0 8. h3 d6 9. c3 Na5 10. Bc2 c5 11. d4 Nd7 12. Nbd2 Bf6 13. Nf1 g6 14. Be3 cxd4 15. cxd4 Nc4 16. Rb1 Ndb6 17. dxe5 dxe5 18. Bc5 Re8 19. b3 Na5 20. Qxd8 Bxd8 21. Red1 Bc7 22. Bd6 Ra7 23. Ne3 Nc6 24. Bxc7 Rxc7 25. Rd6 Bb7 26. Rbd1 Kg7 27. Bb1 f6 28. g4 Ree7 29. Kf1 Rcd7 1/2-1/2

[Event "Mittelrhein Verbandsliga-O 15/16"]
[Site "Nordrheinwestfalen"]
[Date "2016.03.13"]
[Round "9"]
[White "Flagmeier, Reiner"]
[Black "Wieland, Ingo"]
[Result "1/2-1/2"]
[WhiteElo "1830"]
[BlackElo "1732"]
[PlyCount "52"]
[EventDate "2015.09.06"]
[EventType "team-tourn"]
[EventRounds "11"]
[EventCountry "GER"]
[SourceTitle "EXT 2022"]
[Source "ChessBase"]
[SourceDate "2021.10.06"]
[SourceVersion "1"]
[SourceVersionDate "2021.10.06"]
[SourceQuality "1"]
[WhiteTeam "Siegburg"]
[BlackTeam "Bruehl III"]
[WhiteTeamCountry "GER"]
[BlackTeamCountry "GER"]

1. d4 d5 2. Nf3 Nf6 3. e3 Bg4 4. Nbd2 e6 5. Bd3 Nbd7 6. h3 Bxf3 7. Nxf3 Be7 8. 0-0 0-0 9. b3 c5 10. Bb2 cxd4 11. exd4 Rc8 12. Ne5 Nxe5 13. dxe5 Nd7 14. c4 dxc4 15. Bxc4 Nb6 16. Bd3 Nd5 17. Qf3 Qa5 18. Rfd1 Rfd8 19. Be4 Nb6 20. Rxd8+ Rxd8 21. Bc3 Bb4 22. Rd1 Rxd1+ 23. Qxd1 g6 24. Qd8+ Kg7 25. Qf6+ Kg8 26. Qd8+ Kg7 1/2-1/2

[Event "Mittelrhein Verbandsliga-O 15/16"]
[Site "Nordrheinwestfalen"]
[Date "2015.09.27"]
[Round "2"]
[White "Scholl, Thomas"]
[Black "Wieland, Ingo"]
[Result "1/2-1/2"]
[WhiteElo "1704"]
[BlackElo "1732"]
[PlyCount "70"]
[EventDate "2015.09.06"]
[EventType "team-tourn"]
[EventRounds "11"]
[EventCountry "GER"]
[SourceTitle "EXT 2022"]
[Source "ChessBase"]
[SourceDate "2021.10.06"]
[SourceVersion "1"]
[SourceVersionDate "2021.10.06"]
[SourceQuality "1"]
[WhiteTeam "Hennef"]
[BlackTeam "Bruehl III"]
[WhiteTeamCountry "GER"]
[BlackTeamCountry "GER"]

1. e4 c6 2. d4 d5 3. e5 Bf5 4. Nf3 e6 5. Be2 Nd7 6. 0-0 Ne7 7. Nbd2 c5 8. c3 Nc6 9. h3 cxd4 10. cxd4 Be7 11. Nb3 0-0 12. a3 Rc8 13. Bd2 Bg6 14. Bc3 a6 15. Kh1 b5 16. Qd2 Nb6 17. Rfc1 Nc4 18. Qe1 Qb6 19. Nbd2 N6a5 20. Nxc4 Nxc4 21. b4 Rc6 22. Nd2 Nxd2 23. Qxd2 Rfc8 24. Bb2 h6 25. Rxc6 Rxc6 26. Rc1 Qc7 27. Rxc6 Qxc6 28. Qc3 Qxc3 29. Bxc3 Bc2 30. Bd2 Bb3 31. Kg1 Bc4 32. Bd1 Kf8 33. g3 Bd8 34. Kg2 Bb6 35. Bc3 Bd3 1/2-1/2

[Event "Mittelrhein Verbandsliga-O 1112"]
[Site "Germany"]
[Date "2012.03.18"]
[Round "8"]
[White "Wieland, Ingo"]
[Black "Hartmann, Valeri"]
[Result "0-1"]
[WhiteElo "1756"]
[BlackElo "1854"]
[PlyCount "84"]
[EventDate "2011.09.18"]
[EventType "team-tourn"]
[EventRounds "11"]
[EventCountry "GER"]
[SourceTitle "EXT 2013"]
[Source "ChessBase"]
[SourceDate "2012.11.22"]
[SourceVersion "1"]
[SourceVersionDate "2012.11.22"]
[SourceQuality "1"]
[WhiteTeam "Bruehl III"]
[BlackTeam "Erftstadt SV"]
[WhiteTeamCountry "GER"]
[BlackTeamCountry "GER"]

1. e4 e5 2. Nf3 Nc6 3. Bb5 a6 4. Ba4 d6 5. 0-0 Nf6 6. d3 Bg4 7. c3 Be7 8. Nbd2 0-0 9. Re1 b5 10. Bc2 Qc8 11. Nf1 h6 12. Ne3 Bd7 13. d4 Rd8 14. d5 Nb8 15. Qd3 Rf8 16. Nf1 Bg4 17. Ng3 Nh5 18. Nxh5 Bxh5 19. h3 Bg6 20. g4 Nd7 21. Be3 Nf6 22. Nd2 h5 23. g5 Nh7 24. Kh2 Nxg5 25. Bxg5 Bxg5 26. Rg1 Bf4+ 27. Kg2 Qd8 28. Nf3 f5 29. Qe2 Qf6 30. a4 Rab8 31. axb5 axb5 32. Ra5 Rf7 33. Rf1 b4 34. c4 Rbf8 35. Ra7 fxe4 36. Bxe4 Bxe4 37. Qxe4 Bh6 38. Ng1 Qg5+ 39. Kh1 Rxf2 40. Rxf2 Rxf2 41. Ra8+ Kf7 42. Ra7 Qg3 0-1

[Event "Mittelrhein Verbandsliga-O 1112"]
[Site "Germany"]
[Date "2011.09.18"]
[Round "1"]
[White "Schiffer, Hans Joachim"]
[Black "Wieland, Ingo"]
[Result "0-1"]
[WhiteElo "1533"]
[BlackElo "1756"]
[PlyCount "118"]
[EventDate "2011.09.18"]
[EventType "team-tourn"]
[EventRounds "11"]
[EventCountry "GER"]
[SourceTitle "EXT 2013"]
[Source "ChessBase"]
[SourceDate "2012.11.22"]
[SourceVersion "1"]
[SourceVersionDate "2012.11.22"]
[SourceQuality "1"]
[WhiteTeam "Freibauer Eikamp"]
[BlackTeam "Bruehl III"]
[WhiteTeamCountry "GER"]
[BlackTeamCountry "GER"]

1. e4 c6 2. d4 d5 3. e5 Bf5 4. Bd3 Bxd3 5. Qxd3 e6 6. Nf3 Nd7 7. 0-0 Ne7 8. Bg5 Qb6 9. b3 c5 10. Bxe7 Bxe7 11. dxc5 Bxc5 12. Nbd2 0-0 13. c4 Qc7 14. cxd5 Nxe5 15. Nxe5 Qxe5 16. dxe6 Qxe6 17. Rae1 Rad8 18. Qe2 Bb4 19. Qb5 Qb6 20. Qxb6 axb6 21. Nc4 Bxe1 22. Rxe1 b5 23. Na3 Rd2 24. Nxb5 Rxa2 25. Nd6 g6 26. Nxb7 Rb8 27. Nc5 Rc2 28. Ne4 Rxb3 29. h3 Rbb2 30. Rf1 f5 31. Ng5 Kg7 32. Nf3 Kf6 33. Nd4 Rc4 34. Nf3 f4 35. Rd1 Rcc2 36. Rf1 Rb4 37. Rd1 Rb6 38. Re1 Rbb2 39. Rf1 Ra2 40. Nd4 Rc4 41. Nf3 h6 42. Rd1 Rc6 43. Rf1 Rd6 44. Re1 Re6 45. Rf1 Rea6 46. Re1 Ra1 47. Kf1 Rxe1+ 48. Kxe1 Ra2 49. Kf1 g5 50. Ke1 Kf5 51. Kf1 Ke4 52. Ke1 Ra3 53. Kf1 Rxf3 54. gxf3+ Kxf3 55. Kg1 h5 56. Kf1 h4 57. Kg1 Ke2 58. Kg2 f3+ 59. Kg1 Ke1 0-1

[Event "Leverkusen-ch op"]
[Site "Leverkusen"]
[Date "2009.04.06"]
[Round "6"]
[White "Witte, Thomas"]
[Black "Wieland, Ingo"]
[Result "1/2-1/2"]
[WhiteElo "1704"]
[BlackElo "1725"]
[PlyCount "21"]
[EventDate "2009.01.12"]
[EventType "swiss"]
[EventRounds "7"]
[EventCountry "GER"]
[SourceTitle "EXT 2010"]
[Source "ChessBase"]
[SourceDate "2010.11.25"]
[SourceVersion "1"]
[SourceVersionDate "2010.11.25"]
[SourceQuality "1"]

1. e4 c6 2. d4 d5 3. exd5 cxd5 4. Nf3 Nf6 5. Nbd2 Bg4 6. Bb5+ Nc6 7. c3 a6 8. Bxc6+ bxc6 9. Qa4 Qc7 10. Ne5 Bd7 11. b4 1/2-1/2

[Event "Leverkusen-ch op"]
[Site "Leverkusen"]
[Date "2008.04.14"]
[Round "7"]
[White "Wieland, Ingo"]
[Black "Lommen, Frank"]
[Result "1/2-1/2"]
[WhiteElo "1664"]
[BlackElo "2025"]
[PlyCount "113"]
[EventDate "2008.01.14"]
[EventType "swiss"]
[EventRounds "7"]
[EventCountry "GER"]
[SourceTitle "EXT 2010"]
[Source "ChessBase"]
[SourceDate "2010.11.25"]
[SourceVersion "1"]
[SourceVersionDate "2010.11.25"]
[SourceQuality "1"]

1. e4 c5 2. Ne2 Nc6 3. g3 d5 4. Bg2 dxe4 5. Nbc3 f5 6. Nf4 Nf6 7. d3 e5 8. Nh5 Nxh5 9. Qxh5+ g6 10. Qd1 exd3 11. Bxc6+ bxc6 12. cxd3 Be6 13. 0-0 Bg7 14. Be3 0-0 15. Bxc5 Rf7 16. Qe2 Bd5 17. Rad1 Qd7 18. Nxd5 Qxd5 19. Qc2 Qxa2 20. Ra1 Qd5 21. Ra6 f4 22. Qc4 fxg3 23. hxg3 Rd7 24. Rfa1 e4 25. Qxd5+ Rxd5 26. d4 Bxd4 27. Bxd4 Rxd4 28. Rxc6 a5 29. b3 Rb4 30. Rc5 Rxb3 31. Rcxa5 Rxa5 32. Rxa5 e3 33. fxe3 Rxe3 34. Kf2 Rc3 35. Ra7 Rc5 36. Kf3 Rf5+ 37. Kg4 h6 38. Rb7 Rf7 39. Rb8+ Kg7 40. Rb6 Re7 41. Ra6 Kf7 42. Rb6 Re6 43. Rb8 Kf6 44. Rf8+ Kg7 45. Rb8 Kf7 46. Rh8 h5+ 47. Kg5 Re5+ 48. Kh4 Re4+ 49. Kh3 Kf6 50. Rb8 Kf5 51. Rf8+ Kg5 52. Rh8 Re3 53. Rh7 Rf3 54. Rh8 Kf5 55. Rf8+ Ke4 56. Rxf3 Kxf3 57. Kh4 1/2-1/2

[Event "Leverkusen-ch op"]
[Site "Leverkusen"]
[Date "2007.03.12"]
[Round "6"]
[White "Wieland, Ingo"]
[Black "Birnkott, Manfred"]
[Result "1/2-1/2"]
[WhiteElo "1688"]
[BlackElo "2020"]
[PlyCount "114"]
[EventDate "2007.01.08"]
[EventType "swiss"]
[EventRounds "7"]
[EventCountry "GER"]
[SourceTitle "EXT 2008"]
[Source "ChessBase"]
[SourceDate "2007.11.25"]
[SourceVersion "1"]
[SourceVersionDate "2007.11.25"]
[SourceQuality "1"]

1. e4 c5 2. Nf3 d6 3. d4 cxd4 4. Nxd4 Nf6 5. Nc3 g6 6. Be3 Bg7 7. f3 0-0 8. Qd2 Nc6 9. Bc4 Bd7 10. 0-0-0 Rc8 11. Bb3 Ne5 12. Kb1 Nc4 13. Bxc4 Rxc4 14. g4 a6 15. b3 Rc8 16. g5 Nh5 17. Nde2 b5 18. Bd4 Be6 19. Bxg7 Nxg7 20. Nd5 Bxd5 21. Qxd5 Rc5 22. Qd2 Qc7 23. Nf4 Rc8 24. Nd5 Qb7 25. Rc1 Ne6 26. h4 Ng7 27. Nf4 Nh5 28. Nd5 R5c6 29. Nb4 R6c7 30. Nd5 Rc6 31. Nb4 Rc3 32. Qd5 Qb6 33. Qd1 e6 34. Nd3 a5 35. Qd2 a4 36. Rhd1 axb3 37. cxb3 Qd4 38. Rxc3 Rxc3 39. Nb2 Qxd2 40. Rxd2 Rc6 41. Nd3 Kf8 42. Kb2 Ke7 43. Nb4 Rb6 44. Rc2 Kd7 45. Nd3 Rb8 46. Rd2 Rc8 47. Ne5+ Ke7 48. Nd3 f6 49. Rc2 Rxc2+ 50. Kxc2 Kd7 51. Kc3 Kc6 52. Nb4+ Kb6 53. Nd3 fxg5 54. hxg5 e5 55. a3 Ng7 56. f4 exf4 57. Nxf4 Kc6 1/2-1/2

[Event "Leverkusen-ch op"]
[Site "Leverkusen"]
[Date "2005.03.21"]
[Round "7"]
[White "Hoeper, Heinz Joachim"]
[Black "Wieland, Ingo"]
[Result "1-0"]
[WhiteElo "1597"]
[BlackElo "1661"]
[PlyCount "99"]
[EventDate "2005.01.10"]
[EventType "swiss"]
[EventRounds "9"]
[EventCountry "GER"]
[SourceTitle "EXT 2006"]
[Source "ChessBase"]
[SourceDate "2005.11.24"]
[SourceVersion "1"]
[SourceVersionDate "2005.11.24"]
[SourceQuality "1"]

1. Nf3 d5 2. g3 Nf6 3. c4 c6 4. b3 Bf5 5. Bb2 e6 6. Nh4 Be4 7. f3 Bxb1 8. Rxb1 Nbd7 9. f4 Bd6 10. Nf3 0-0 11. d4 Bb4+ 12. Kf2 Ne4+ 13. Kg1 Qf6 14. Qc2 Qg6 15. e3 f5 16. a3 Be7 17. c5 Ndf6 18. Ne5 Qh6 19. Qg2 Ng4 20. Nxg4 fxg4 21. h3 Nf6 22. Bd3 Qh5 23. hxg4 Qf7 24. Qh3 g6 25. Kg2 Nd7 26. e4 Nf6 27. f5 Nxe4 28. Bxe4 dxe4 29. Rbf1 exf5 30. gxf5 gxf5 31. Rf2 Qg6 32. Qh5 Qxh5 33. Rxh5 Rf7 34. Rhxf5 Raf8 35. g4 Rxf5 36. Rxf5 Rxf5 37. gxf5 Kf7 38. Kg3 Bg5 39. Kg4 h6 40. Bc3 Ke7 41. a4 Be3 42. b4 a6 43. Kh5 Bg5 44. Kg6 e3 45. b5 e2 46. d5 cxd5 47. c6 axb5 48. cxb7 Bf4 49. f6+ Kd7 50. f7 1-0

[Event "Leverkusen-ch op"]
[Site "Leverkusen"]
[Date "2005.02.21"]
[Round "5"]
[White "Kocur, Beata"]
[Black "Wieland, Ingo"]
[Result "1-0"]
[WhiteElo "1920"]
[BlackElo "1661"]
[PlyCount "69"]
[EventDate "2005.01.10"]
[EventType "swiss"]
[EventRounds "9"]
[EventCountry "GER"]
[SourceTitle "EXT 2006"]
[Source "ChessBase"]
[SourceDate "2005.11.24"]
[SourceVersion "1"]
[SourceVersionDate "2005.11.24"]
[SourceQuality "1"]

1. e4 c6 2. d4 d5 3. Nc3 dxe4 4. Nxe4 Nf6 5. Nxf6+ gxf6 6. Nf3 Bg4 7. Be2 Qc7 8. Bd2 e6 9. Bc3 Nd7 10. Nd2 Bxe2 11. Qxe2 0-0-0 12. Qh5 Nb6 13. Nf3 Nd5 14. 0-0 Bd6 15. Bd2 Nf4 16. Qa5 b6 17. Qa6+ Kb8 18. a4 Rhg8 19. Bxf4 Bxf4 20. Ra3 Rd5 21. Re1 Rh5 22. h4 Rf5 23. Qd3 h6 24. b4 Bd6 25. Rb3 Ka8 26. c4 Rd8 27. Reb1 Qe7 28. g3 Qc7 29. Ne1 Qb7 30. Qe4 c5 31. Qxb7+ Kxb7 32. bxc5 Bxc5 33. dxc5 Rxc5 34. Rc1 Rd2 35. Nd3 1-0

[Event "Leverkusen-ch op"]
[Site "Leverkusen"]
[Date "2005.02.14"]
[Round "4"]
[White "Wieland, Ingo"]
[Black "Schmitz, Andreas Wilhelm"]
[Result "1/2-1/2"]
[WhiteElo "1661"]
[BlackElo "1845"]
[PlyCount "40"]
[EventDate "2005.01.10"]
[EventType "swiss"]
[EventRounds "9"]
[EventCountry "GER"]
[SourceTitle "EXT 2006"]
[Source "ChessBase"]
[SourceDate "2005.11.24"]
[SourceVersion "1"]
[SourceVersionDate "2005.11.24"]
[SourceQuality "1"]

1. e4 e6 2. d4 d5 3. Nd2 dxe4 4. Nxe4 Bd7 5. Nf3 Bc6 6. Bd3 Nd7 7. c3 Ngf6 8. Nxf6+ Nxf6 9. 0-0 Be7 10. Ne5 Qd5 11. Nxc6 Qxc6 12. Qe2 a6 13. a4 0-0 14. Bf4 Rfe8 15. Rfe1 Qd7 16. Be5 c6 17. Qc2 g6 18. Qd2 Qd8 19. Qh6 Nh5 20. Qe3 Ng7 1/2-1/2